Statistiques concernant Quelle ville est plus grande? #2

Cliquez ici pour prendre le quiz!

Statistiques générales

  • Ce quiz a été pris 149 fois
  • Le résultat moyen est 11 sur 15

Statistiques - réponses

QuestionRéponse% Correct
En Amérique du SudBuenos Aires
98%
Au CanadaMontréal
92%
En ScandinavieStockholm
92%
En ScandinavieCopenhague
87%
En Nouvelle ZélandeAuckland
84%
Dans le MinnesotaMinneapolis
84%
Dans le golfe PersiqueDoha
81%
En SuisseZürich
77%
En FlorideMiami
74%
En LibyeTripoli
74%
Aux Emirats Arabes UnisDubaï
72%
Dans les pays baltesRiga
67%
Au BeneluxAmsterdam
66%
À New YorkBrooklyn
49%
Dans les CaraïbesSaint-Domingue
17%

Distribution des résultats

Percentile par nombre de réponses

% des personnes avec chaque résultat

Votre développement - résultats

Vous n’avez pas pris ce quiz